Catalog

Record Details

Catalog Search



How to be a friend : a guide to making friends and keeping them  Cover Image Book Book

How to be a friend : a guide to making friends and keeping them / Laurie Krasny Brown and Marc Brown.

Brown, Laurene Krasny. : (author ). Brown, Marc Tolon. (Added Author).

Summary:

Fun dinosaur characters teach young children all about friendship—the value of friends, how to make friends, and how to be a good friend. With playful full-color illustrations, Laurie Krasny Brown and Marc Brown help kids cope with everyday social situations and learn: ★ Who can be your friend. ★ How to show someone you would like to be friends. ★ How to handle bosses and bullies. ★ The best ways to be a friend and ways not to be a friend. ★ Ways to settle an argument with a friend.

Record details

  • ISBN: 0439153999
  • ISBN: 9780439153997
  • Physical Description: 31 pages : color illustrations ; 22 x 23 cm
  • Publisher: NY : Scholastic, 1999, ©1998.

Content descriptions

General Note:
"Dino life guides for families"--Cover.
Subject: Friendship in children > Juvenile literature.
Bullies > Juvenile literature.
Arguments > Juvenile literature.
Genre: Juvenile works.
Friendship.
Picture Books.
Childrens Nonfiction.

Available copies

  • 1 of 1 copy available at scottsboropl.

Holds

  • 0 current holds with 1 total copy.
Show Only Available Copies
Location Call Number / Copy Notes Barcode Shelving Location Status Due Date
scottsboropl E Bro 32269001188161 Juvenile - Easy Available -

LDR 01262cam a2200337Ia 4500
001157895
003SBPL
00520220330153726.0
008021219r19991998nyua j 000 0 eng d
020 . ‡a0439153999
020 . ‡a9780439153997
035 . ‡a(OCoLC)51255348
035 . ‡a(OCoLC)51255348
05014. ‡aBF723.F68 ‡bB76 1999
082 4. ‡a158.25 ‡bBro
1001 . ‡aBrown, Laurene Krasny. : ‡eauthor
24510. ‡aHow to be a friend : ‡ba guide to making friends and keeping them / ‡cLaurie Krasny Brown and Marc Brown.
260 . ‡aNY : ‡bScholastic, ‡c1999, ©1998.
300 . ‡a31 pages : ‡bcolor illustrations ; ‡c22 x 23 cm
336 . ‡atext ‡btxt ‡2rdacontent
337 . ‡aunmediated ‡bn ‡2rdamedia
338 . ‡avolume ‡bnc ‡2rdacarrier
500 . ‡a"Dino life guides for families"--Cover.
520 . ‡aFun dinosaur characters teach young children all about friendship—the value of friends, how to make friends, and how to be a good friend. With playful full-color illustrations, Laurie Krasny Brown and Marc Brown help kids cope with everyday social situations and learn: ★ Who can be your friend. ★ How to show someone you would like to be friends. ★ How to handle bosses and bullies. ★ The best ways to be a friend and ways not to be a friend. ★ Ways to settle an argument with a friend.
650 0. ‡aFriendship in children ‡vJuvenile literature.
650 0. ‡aBullies ‡vJuvenile literature.
650 0. ‡aArguments ‡vJuvenile literature.
655 7. ‡aJuvenile works.
655 7. ‡aFriendship.
655 7. ‡aPicture Books.
655 7. ‡aChildrens Nonfiction.
7001 . ‡aBrown, Marc Tolon.
901 . ‡a157895 ‡b ‡c157895 ‡tbiblio

Additional Resources